000
00331nam a2200133Ia 4500
008
240624s9999 xx 000 0 und d
041
_a
eng
082
_a
332 FER
100
_a
FERNANDES NUNO
245
_a
FINANCE FOR EXECUTIVES A PRACTICAL GUIDE
260
_c
2014
_a
London
_b
NPV Publishing
300
_a
350 : p.
365
_c
_b
30
999
_c
28052
_d
28052